Musical imagery (Record no. 16988)

MARC details
000 -LEADER
fixed length control field 00469nam a2200169Ia 4500
008 - FIXED-LENGTH DATA ELEMENTS--GENERAL INFORMATION
fixed length control field 191130s2001##################000#0#eng##
020 ## - INTERNATIONAL STANDARD BOOK NUMBER
International Standard Book Number 9789026518317
040 ## - CATALOGING SOURCE
Original cataloging agency ACL
Transcribing agency ACL
082 ## - DEWEY DECIMAL CLASSIFICATION NUMBER
Classification number 780.19 GOD
100 ## - MAIN ENTRY--PERSONAL NAME
Personal name Godøy, Rolf Inge
245 ## - TITLE STATEMENT
Title Musical imagery
Statement of responsibility, etc. Rolf Inge Godøy; Harald Jørgensen
260 ## - PUBLICATION, DISTRIBUTION, ETC.
Place of publication, distribution, etc. Lisse
Name of publisher, distributor, etc. Swets & Zeitlinger Publishers
Date of publication, distribution, etc. 2001
650 ## - SUBJECT ADDED ENTRY--TOPICAL TERM
Topical term or geographic name entry element Music
990 ## - EQUIVALENCES OR CROSS-REFERENCES [LOCAL, CANADA]
Link information for 9XX fields a6f15ea6ac10000c72e865a25d7ebaad
991 ## -
-- 342040
Holdings
Withdrawn status Lost status Damaged status Not for loan Home library Current library Shelving location Date acquired Total Checkouts Full call number Barcode Date last seen Price effective from Koha item type
        Anna Centenary Library Anna Centenary Library 6TH FLOOR, B WING 09.10.2020   780.19 GOD 169780 09.10.2020 09.10.2020 English Books

Find us on the map